000 00380nam a2200145Ia 4500
008 240624s9999 xx 000 0 und d
041 _aeng
082 _a658.4038 STE
100 _aSTENZEL JOE
245 _aCIO BEST PRACTICES ENABLING STRATEGIC VA
250 _a11
260 _c2011
_aNew Jersey
_bJohn Wiley and Sons
300 _axxii, : 337 : p. : cm. ; 23
365 _c
_b27
999 _c17685
_d17685